000 00710cam a22002412 4500
001 0000002555
005 20151217154334.0
008 070413s xx 000 0 eng d
020 _a0854724460 (Pt. I) :
_cGBP 19.95 (set)
020 _a0854724470 (Pt. II) :
040 _aKABU
_cKABU
050 0 _aMT6
_b.T39A2
100 1 _aTaylor, Eric.
_@0000151952
245 1 4 _aThe AB guide to music theory.
260 _aLondon :
_bABRSM,
_c1989.
300 _a2 parts.
650 0 _aMusic theory.
_@0000151953
650 0 _aTheory.
_@0000151954
908 _a070413
950 _@1
999 _c10600
_d10600